Statistiken für GeoLogisch 4

Klicken Sie hier um das Quiz zu spielen!

Allgemein

  • Dieses Quiz wurde 72 mal gespielt
  • Das Durchschnittsergebnis liegt bei 9 aus 15

Antwortstatistiken

FrageAntwort% Korrekt
Welche Amtssprache spricht man im Senegal?Französisch
92%
Was ist der Balistar, der auf Bali lebt?Vogelart
90%
Der Li-Fluss ziert eine chinesische Banknote. Wie heißt die Währung?Yuan
84%
In welchem Filmepos diente Tataouine als Kulisse?Star Wars
77%
Von West nach Ost misst Chile durchschnittlich weniger als 200 km. Wie groß ist die Nord-Süd-Ausdehnung?rd. 4200 km
71%
Was lernen die Orang-Utans in der Waldschule in Schutzgebieten?Überleben in der Wildnis
66%
Welche Inschrift steht über dem Orakel von Delphi?Erkenne dich selbst
65%
Wo begegnete Kaiser Franz Joseph I. der jungen Sisi zum ersten Mal?Bad Ischl
63%
Warum heißt die Küste nördlich von Walvis Bay Skelettküste?Weil man dort viele Schiffswracks sieht
61%
Was ist am höchsten Berg Bhutans, Gangkhar Puensum (7570 m) besonders?Er ist nie bestiegen worden
56%
Wie heißt der natürliche Meeresarm, der die Stadt Dubai teilt?Dubai Creek
47%
Nach wem oder was ist Arnhemland benannt?Stadt
45%
Was sind in William Shakespeares Öresund-Tragödie „Hamlet“ die letzten Worte des Dänenprinzen?Der Rest ist Schweigen
42%
Welches ist der höchste Leuchtturm der USA?Perry Memorial Monument
29%
Wie lautet der Wahlspruch von Wales?Der rote Drache rückt vor
11%

Verteilung der Resultate

Perzentil nach korrekt beantworteten Fragen

Anzahl Personen mit jedem Resultat

Ihre Resultats-Entwicklung

Sie haben dieses Quiz noch nicht gespielt